| 000 | 00551nam a2200181Ia 4500 | ||
|---|---|---|---|
| 999 |
_c15257 _d15257 |
||
| 082 | _aTA.0272 | ||
| 100 | _aAbdul Kareem, P. | ||
| 245 | 0 | _aImport substitution and export promotion: case of Indian engineering industry 1970-87 | |
| 260 |
_c1996 _bBangalore University, Bangalore |
||
| 300 | _a295 | ||
| 504 | _aincludes bibliography | ||
| 650 |
_aImport substitution _vIndia |
||
| 650 |
_aEngineering industries _vIndia |
||
| 650 |
_aExports _vIndia |
||
| 650 |
_aForeign trade promotion _vIndia |
||
| 710 | _aTandon, Rameshwar | ||
| 942 |
_cTH _2ddc |
||